000 00702nam a2200253 a 4500
003 AR-BaBNM
005 20251128204634.0
008 082120s2002 ||||||||||||||000 | spa||
020 _a950-755-001-4
040 _cAR-BaBNM
100 1 _aMenghi, Luis Alberto
245 0 0 _aTalita de la azotea 1
_bdesarrollo de la expresión oral y aprestamiento
260 _aBuenos Aires
_bEdiciones Braga
_c1991
300 _a175 p.
_bil.
521 _aINICIAL
650 4 _aEXPRESION ORAL
650 4 _aACTIVIDADES DE APRENDIZAJE
653 _aENSENANZA DE LA LENGUA
653 _aNIVEL INICIAL
653 _aAPRESTAMIENTO
700 1 _aLuján Campos, María Luisa de
942 _cBK
998 _cCarmen
999 _c8190
_d8190